[Event "Deutsche Ländermeisterschaft 2023"]
[Site "Hannover GER"]
[Date "2023.10.02"]
[Round "3"]
[White "Navarro Jahnke, Leo"]
[Black "Tarasenko, Nazar"]
[Result "0-1"]
[Termination "normal"]
[Board "3.6"]
[WhiteElo "1884"]
[BlackElo "1873"]
[WhiteClock "00:24:18"]
[BlackClock "00:55:52"]
[WhiteTeam "Bayern"]
[BlackTeam "Niedersachsen"]
[PlyCount "136"]
[WhiteFideId "16234146"]
[BlackFideId "34161430"]
[EventCountry "GER"]
[EventRounds "7"]
[EventType "team-swiss"]
[EventDate "2023.09.30"]

1. d4 {[%clk 01:30:50]} {[%emt 00:00:08]} d5 {[%clk 01:30:50]} {[%emt
00:00:11]} 2. Nf3 {[%clk 01:31:01]} {[%emt 00:00:18]} Nf6 {[%clk 01:31:13]}
{[%emt 00:00:08]} 3. Bf4 {[%clk 01:31:21]} {[%emt 00:00:09]} c5 {[%clk
01:31:03]} {[%emt 00:00:42]} 4. e3 {[%clk 01:31:31]} {[%emt 00:00:18]} Nc6
{[%clk 01:31:21]} {[%emt 00:00:14]} 5. c3 {[%clk 01:30:31]} {[%emt 00:01:30]}
Qb6 {[%clk 01:31:39]} {[%emt 00:00:13]} 6. Qc1 {[%clk 01:30:30]} {[%emt
00:00:30]} Bf5 {[%clk 01:30:33]} {[%emt 00:01:36]} 7. Nbd2 {[%clk 01:28:44]}
{[%emt 00:02:15]} Rc8 {[%clk 01:29:06]} {[%emt 00:01:58]} 8. Be2 {[%clk
01:25:24]} {[%emt 00:03:49]} h6 {[%clk 01:28:10]} {[%emt 00:01:27]} 9. dxc5
{[%clk 01:23:11]} {[%emt 00:02:44]} Qxc5 {[%clk 01:28:17]} {[%emt 00:00:22]}
10. Nb3 {[%clk 01:16:31]} {[%emt 00:07:11]} Qb6 {[%clk 01:25:31]} {[%emt
00:03:15]} 11. O-O {[%clk 01:13:40]} {[%emt 00:03:22]} a6 {[%clk 01:21:42]}
{[%emt 00:04:19]} 12. Nbd4 {[%clk 01:06:22]} {[%emt 00:07:45]} Nxd4 {[%clk
01:18:57]} {[%emt 00:03:18]} 13. exd4 {[%clk 01:00:24]} {[%emt 00:06:27]} e6
{[%clk 01:18:26]} {[%emt 00:01:01]} 14. Bd1 {[%clk 00:59:39]} {[%emt 00:01:14]}
Bd3 {[%clk 01:16:57]} {[%emt 00:01:48]} 15. Ba4+ {[%clk 00:59:11]} {[%emt
00:01:10]} Bb5 {[%clk 01:17:11]} {[%emt 00:00:16]} 16. Bxb5+ {[%clk 00:54:16]}
{[%emt 00:05:25]} Qxb5 {[%clk 01:17:31]} {[%emt 00:00:10]} 17. Re1 {[%clk
00:53:10]} {[%emt 00:01:35]} Be7 {[%clk 01:16:15]} {[%emt 00:01:45]} 18. Ne5
{[%clk 00:41:47]} {[%emt 00:11:55]} Nd7 {[%clk 01:12:31]} {[%emt 00:04:15]} 19.
Nf3 {[%clk 00:30:42]} {[%emt 00:11:35]} Rc6 {[%clk 01:08:20]} {[%emt 00:04:40]}
20. Qd2 {[%clk 00:26:11]} {[%emt 00:05:00]} Nb6 {[%clk 01:06:20]} {[%emt
00:02:25]} 21. Ne5 {[%clk 00:17:40]} {[%emt 00:09:07]} Nc4 {[%clk 01:05:57]}
{[%emt 00:00:52]} 22. Qe2 {[%clk 00:17:59]} {[%emt 00:00:11]} Nxe5 {[%clk
01:06:02]} {[%emt 00:00:26]} 23. Qxb5 {[%clk 00:17:43]} {[%emt 00:00:46]} Nf3+
{[%clk 01:06:08]} {[%emt 00:00:24]} 24. gxf3 {[%clk 00:18:11]} {[%emt
00:00:02]} axb5 {[%clk 01:06:30]} {[%emt 00:00:08]} 25. a3 {[%clk 00:18:33]}
{[%emt 00:00:09]} Kd7 {[%clk 01:05:46]} {[%emt 00:01:10]} 26. Kf1 {[%clk
00:18:25]} {[%emt 00:00:41]} g5 {[%clk 01:05:49]} {[%emt 00:00:27]} 27. Be5
{[%clk 00:18:06]} {[%emt 00:00:49]} f6 {[%clk 01:04:59]} {[%emt 00:01:21]} 28.
Bg3 {[%clk 00:18:34]} {[%emt 00:00:01]} h5 {[%clk 01:03:57]} {[%emt 00:01:32]}
29. h3 {[%clk 00:19:03]} {[%emt 00:00:01]} Rg8 {[%clk 01:01:41]} {[%emt
00:02:46]} 30. Ke2 {[%clk 00:17:48]} {[%emt 00:01:46]} Ra6 {[%clk 01:00:57]}
{[%emt 00:01:12]} 31. Kd3 {[%clk 00:17:33]} {[%emt 00:00:46]} Rg6 {[%clk
00:59:59]} {[%emt 00:01:28]} 32. Rad1 {[%clk 00:16:12]} {[%emt 00:01:50]} Ra8
{[%clk 00:59:36]} {[%emt 00:00:53]} 33. Re2 {[%clk 00:15:17]} {[%emt 00:01:26]}
Rgg8 {[%clk 00:58:53]} {[%emt 00:01:11]} 34. Rde1 {[%clk 00:14:59]} {[%emt
00:00:48]} Ra6 {[%clk 00:59:17]} {[%emt 00:00:07]} 35. f4 {[%clk 00:14:51]}
{[%emt 00:00:38]} gxf4 {[%clk 00:55:46]} {[%emt 00:04:01]} 36. Bxf4 {[%clk
00:15:03]} {[%emt 00:00:18]} Bd6 {[%clk 00:54:11]} {[%emt 00:01:58]} 37. Bxd6
{[%clk 00:13:39]} {[%emt 00:02:01]} Rxd6 {[%clk 00:54:31]} {[%emt 00:00:11]}
38. Re3 {[%clk 00:14:02]} {[%emt 00:00:07]} Rg2 {[%clk 00:51:27]} {[%emt
00:03:32]} 39. R1e2 {[%clk 00:14:14]} {[%emt 00:00:19]} Rg5 {[%clk 00:36:55]}
{[%emt 00:15:02]} 40. Kc2 {[%clk 00:13:49]} {[%emt 00:00:56]} Rf5 {[%clk
00:36:10]} {[%emt 00:01:15]} 41. Kb3 {[%clk 00:13:43]} {[%emt 00:00:35]} Rf4
{[%clk 00:36:33]} {[%emt 00:00:07]} 42. Rg3 {[%clk 00:10:26]} {[%emt 00:03:47]}
Kc6 {[%clk 00:34:33]} {[%emt 00:02:23]} 43. Rge3 {[%clk 00:03:56]} {[%emt
00:07:06]} Kd7 {[%clk 00:34:46]} {[%emt 00:00:17]} 44. Kb4 {[%clk 00:04:14]}
{[%emt 00:00:13]} e5 {[%clk 00:34:43]} {[%emt 00:00:34]} 45. Kc5 {[%clk
00:04:36]} {[%emt 00:00:08]} Kc7 {[%clk 00:30:14]} {[%emt 00:04:59]} 46. Rd2
{[%clk 00:27:49]} {[%emt 00:07:16]} e4 {[%clk 00:56:59]} {[%emt 00:03:47]} 47.
Kxb5 {[%clk 00:27:57]} {[%emt 00:00:21]} f5 {[%clk 00:57:18]} {[%emt 00:00:11]}
48. Rg3 {[%clk 00:28:03]} {[%emt 00:00:22]} Rh4 {[%clk 00:57:25]} {[%emt
00:00:25]} 49. Kc5 {[%clk 00:27:10]} {[%emt 00:01:22]} b6+ {[%clk 00:57:29]}
{[%emt 00:00:26]} 50. Kb5 {[%clk 00:27:36]} {[%emt 00:00:04]} f4 {[%clk
00:57:49]} {[%emt 00:00:11]} 51. Rg7+ {[%clk 00:27:59]} {[%emt 00:00:07]} Kc8
{[%clk 00:56:44]} {[%emt 00:01:36]} 52. a4 {[%clk 00:27:36]} {[%emt 00:00:52]}
Rxh3 {[%clk 00:57:08]} {[%emt 00:00:05]} 53. Rf7 {[%clk 00:27:36]} {[%emt
00:00:31]} h4 {[%clk 00:54:08]} {[%emt 00:03:31]} 54. Rxf4 {[%clk 00:27:28]}
{[%emt 00:00:38]} Rh6 {[%clk 00:54:23]} {[%emt 00:00:15]} 55. c4 {[%clk
00:24:37]} {[%emt 00:03:20]} Rb3+ {[%clk 00:54:12]} {[%emt 00:00:41]} 56. Ka6
{[%clk 00:25:06]} {[%emt 00:00:02]} b5+ {[%clk 00:53:16]} {[%emt 00:01:24]} 57.
Ka7 {[%clk 00:24:57]} {[%emt 00:00:40]} bxc4 {[%clk 00:53:23]} {[%emt
00:00:23]} 58. Rf8+ {[%clk 00:25:21]} {[%emt 00:00:07]} Kc7 {[%clk 00:53:37]}
{[%emt 00:00:16]} 59. Rf7 {[%clk 00:25:35]} {[%emt 00:00:16]} Kc6 {[%clk
00:53:42]} {[%emt 00:00:22]} 60. f4 {[%clk 00:24:51]} {[%emt 00:01:17]} exf3
{[%clk 00:53:43]} {[%emt 00:00:29]} 61. a5 {[%clk 00:24:52]} {[%emt 00:00:29]}
Kb5 {[%clk 00:53:28]} {[%emt 00:00:45]} 62. Rd1 {[%clk 00:23:50]} {[%emt
00:01:31]} Ra6+ {[%clk 00:53:45]} {[%emt 00:00:14]} 63. Kb7 {[%clk 00:24:07]}
{[%emt 00:00:13]} Kxa5+ {[%clk 00:54:09]} {[%emt 00:00:06]} 64. Kc8 {[%clk
00:24:24]} {[%emt 00:00:13]} Ra8+ {[%clk 00:54:33]} {[%emt 00:00:06]} 65. Kd7
{[%clk 00:24:41]} {[%emt 00:00:13]} Ra7+ {[%clk 00:54:50]} {[%emt 00:00:13]}
66. Ke6 {[%clk 00:23:41]} {[%emt 00:01:30]} Rb6+ {[%clk 00:55:13]} {[%emt
00:00:07]} 67. Kxd5 {[%clk 00:23:53]} {[%emt 00:00:18]} Rxf7 {[%clk 00:55:33]}
{[%emt 00:00:11]} 68. Kc5 {[%clk 00:24:18]} {[%emt 00:00:04]} Rc7 {[%clk
00:55:52]} {[%emt 00:00:11]} 0-1

[Event "Deutsche Ländermeisterschaft 2023"]
[Site "Hannover GER"]
[Date "2023.10.02"]
[Round "3"]
[White "Artemenko, Isabella"]
[Black "Baklan, Kira"]
[Result "1-0"]
[Termination "normal"]
[Board "3.8"]
[WhiteElo "1016"]
[BlackElo "1096"]
[WhiteClock "00:46:05"]
[BlackClock "00:47:49"]
[WhiteTeam "Bayern"]
[BlackTeam "Niedersachsen"]
[PlyCount "119"]
[WhiteFideId "34639616"]
[BlackFideId "34186514"]
[EventCountry "GER"]
[EventRounds "7"]
[EventType "team-swiss"]
[EventDate "2023.09.30"]

1. e4 {[%clk 01:30:58]} e6 {[%clk 01:30:51]} {[%emt 00:00:10]} 2. Nf3 {[%clk
01:30:20]} {[%emt 00:01:08]} d5 {[%clk 01:30:58]} {[%emt 00:00:23]} 3. d3
{[%clk 01:29:01]} {[%emt 00:01:50]} dxe4 {[%clk 01:30:27]} {[%emt 00:01:01]} 4.
dxe4 {[%clk 01:28:54]} {[%emt 00:00:37]} Qxd1+ {[%clk 01:30:49]} {[%emt
00:00:08]} 5. Kxd1 {[%clk 01:29:15]} {[%emt 00:00:08]} Nc6 {[%clk 01:30:54]}
{[%emt 00:00:25]} 6. Nc3 {[%clk 01:25:40]} {[%emt 00:04:05]} a6 {[%clk
01:27:43]} {[%emt 00:03:40]} 7. Bf4 {[%clk 01:18:19]} {[%emt 00:07:50]} Bd6
{[%clk 01:20:52]} {[%emt 00:07:22]} 8. e5 {[%clk 01:12:44]} {[%emt 00:06:05]}
Bb4 {[%clk 01:15:42]} {[%emt 00:05:41]} 9. a3 {[%clk 01:09:24]} {[%emt
00:03:50]} Ba5 {[%clk 01:14:19]} {[%emt 00:01:52]} 10. b4 {[%clk 01:05:56]}
{[%emt 00:03:58]} Bb6 {[%clk 01:14:05]} {[%emt 00:00:44]} 11. Ke1 {[%clk
01:02:32]} {[%emt 00:03:53]} Nge7 {[%clk 01:13:51]} {[%emt 00:00:44]} 12. Rd1
{[%clk 00:58:41]} {[%emt 00:04:21]} Ng6 {[%clk 01:13:16]} {[%emt 00:01:06]} 13.
Bg3 {[%clk 00:57:22]} {[%emt 00:01:48]} h6 {[%clk 01:03:41]} {[%emt 00:10:05]}
14. Bc4 {[%clk 00:54:45]} {[%emt 00:03:06]} h5 {[%clk 00:56:39]} {[%emt
00:07:32]} 15. h3 {[%clk 00:53:31]} {[%emt 00:01:44]} Ba7 {[%clk 00:53:48]}
{[%emt 00:03:22]} 16. Ke2 {[%clk 00:51:45]} {[%emt 00:02:13]} Bd7 {[%clk
00:53:05]} {[%emt 00:01:15]} 17. Rd2 {[%clk 00:51:23]} {[%emt 00:00:52]} Rd8
{[%clk 00:52:35]} {[%emt 00:01:00]} 18. Rhd1 {[%clk 00:50:59]} {[%emt
00:00:53]} O-O {[%clk 00:52:18]} {[%emt 00:00:48]} 19. Rxd7 {[%clk 00:51:14]}
{[%emt 00:00:14]} Rxd7 {[%clk 00:51:24]} {[%emt 00:01:25]} 20. Rxd7 {[%clk
00:51:35]} {[%emt 00:00:08]} b5 {[%clk 00:51:37]} {[%emt 00:00:17]} 21. Rxc7
{[%clk 00:51:33]} {[%emt 00:00:32]} bxc4 {[%clk 00:51:28]} {[%emt 00:00:40]}
22. Rxc6 {[%clk 00:51:48]} {[%emt 00:00:14]} Rd8 {[%clk 00:50:30]} {[%emt
00:01:28]} 23. Rxc4 {[%clk 00:51:13]} {[%emt 00:01:05]} Bb8 {[%clk 00:49:47]}
{[%emt 00:01:14]} 24. Rc6 {[%clk 00:51:04]} {[%emt 00:00:38]} Ne7 {[%clk
00:49:48]} {[%emt 00:00:29]} 25. Rc4 {[%clk 00:49:51]} {[%emt 00:01:39]} Nf5
{[%clk 00:50:01]} {[%emt 00:00:21]} 26. Bf4 {[%clk 00:49:46]} {[%emt 00:00:35]}
Ba7 {[%clk 00:50:12]} {[%emt 00:00:19]} 27. Bg5 {[%clk 00:49:12]} {[%emt
00:01:03]} Rd7 {[%clk 00:49:31]} {[%emt 00:01:10]} 28. g4 {[%clk 00:48:40]}
{[%emt 00:01:04]} Ne7 {[%clk 00:48:31]} {[%emt 00:01:30]} 29. Be3 {[%clk
00:48:15]} {[%emt 00:00:54]} Bb8 {[%clk 00:48:32]} {[%emt 00:00:29]} 30. Rd4
{[%clk 00:48:21]} {[%emt 00:00:25]} Nd5 {[%clk 00:48:26]} {[%emt 00:00:37]} 31.
Nxd5 {[%clk 00:48:24]} {[%emt 00:00:26]} exd5 {[%clk 00:48:22]} {[%emt
00:00:35]} 32. gxh5 {[%clk 00:48:14]} {[%emt 00:00:39]} Bc7 {[%clk 00:47:59]}
{[%emt 00:00:54]} 33. c4 {[%clk 00:48:17]} {[%emt 00:00:27]} Re7 {[%clk
00:46:43]} {[%emt 00:01:45]} 34. Rxd5 {[%clk 00:48:08]} {[%emt 00:00:38]} f6
{[%clk 00:46:43]} {[%emt 00:00:29]} 35. Bf4 {[%clk 00:47:30]} {[%emt 00:01:07]}
Kf7 {[%clk 00:46:30]} {[%emt 00:00:45]} 36. Kf1 {[%clk 00:46:52]} {[%emt
00:01:08]} fxe5 {[%clk 00:46:04]} {[%emt 00:00:57]} 37. Nxe5+ {[%clk 00:47:00]}
{[%emt 00:00:22]} Kg8 {[%clk 00:44:36]} {[%emt 00:01:58]} 38. Ng6 {[%clk
00:46:38]} {[%emt 00:00:52]} Rf7 {[%clk 00:44:37]} {[%emt 00:00:29]} 39. Bxc7
{[%clk 00:46:43]} {[%emt 00:00:25]} Rxc7 {[%clk 00:44:52]} {[%emt 00:00:15]}
40. Ra5 {[%clk 00:46:39]} {[%emt 00:00:33]} Rxc4 {[%clk 00:44:52]} {[%emt
00:00:30]} 41. Rxa6 {[%clk 00:46:57]} {[%emt 00:00:12]} Rc3 {[%clk 00:44:57]}
{[%emt 00:00:25]} 42. b5 {[%clk 00:47:10]} {[%emt 00:00:17]} Rb3 {[%clk
00:45:05]} {[%emt 00:00:22]} 43. b6 {[%clk 00:47:26]} {[%emt 00:00:15]} Kh7
{[%clk 00:45:10]} {[%emt 00:00:24]} 44. Ra8 {[%clk 00:47:10]} {[%emt 00:00:46]}
Kh6 {[%clk 00:45:12]} {[%emt 00:00:28]} 45. Rh8+ {[%clk 00:47:08]} {[%emt
00:00:32]} Kg5 {[%clk 00:45:26]} {[%emt 00:00:17]} 46. f4+ {[%clk 00:45:31]}
{[%emt 00:02:06]} Kf5 {[%clk 00:45:40]} {[%emt 00:00:15]} 47. Rf8+ {[%clk
00:45:38]} {[%emt 00:00:25]} Ke4 {[%clk 00:45:42]} {[%emt 00:00:27]} 48. f5
{[%clk 00:44:23]} {[%emt 00:01:45]} Kf3 {[%clk 00:45:59]} {[%emt 00:00:13]} 49.
Re8 {[%clk 00:44:40]} {[%emt 00:00:12]} Rb2 {[%clk 00:45:59]} {[%emt 00:00:32]}
50. f6 {[%clk 00:44:07]} {[%emt 00:01:02]} gxf6 {[%clk 00:46:02]} {[%emt
00:00:27]} 51. h6 {[%clk 00:44:32]} {[%emt 00:00:05]} Rh2 {[%clk 00:46:18]}
{[%emt 00:00:14]} 52. Nh4+ {[%clk 00:44:17]} {[%emt 00:00:44]} Kg3 {[%clk
00:46:29]} {[%emt 00:00:21]} 53. h7 {[%clk 00:44:20]} {[%emt 00:00:27]} Rxh3
{[%clk 00:46:04]} {[%emt 00:00:54]} 54. h8=Q {[%clk 00:44:44]} {[%emt
00:00:06]} Rxh4 {[%clk 00:46:18]} {[%emt 00:00:17]} 55. Qxh4+ {[%clk 00:45:05]}
{[%emt 00:00:09]} Kxh4 {[%clk 00:46:40]} {[%emt 00:00:08]} 56. b7 {[%clk
00:45:29]} {[%emt 00:00:06]} f5 {[%clk 00:47:02]} {[%emt 00:00:08]} 57. b8=Q
{[%clk 00:45:44]} {[%emt 00:00:12]} Kg4 {[%clk 00:47:28]} {[%emt 00:00:07]} 58.
Rf8 {[%clk 00:45:40]} {[%emt 00:00:34]} Kh5 {[%clk 00:47:42]} {[%emt 00:00:16]}
59. Rg8 {[%clk 00:46:05]} {[%emt 00:00:05]} Kh4 {[%clk 00:47:49]} {[%emt
00:00:24]} 60. Qh2# {[%emt 00:00:07]} 1-0

[Event "Deutsche Ländermeisterschaft 2023"]
[Site "Hannover GER"]
[Date "2023.10.02"]
[Round "3"]
[White "Bosselmann, Tom Linus"]
[Black "Haubold, Sebastian"]
[Result "0-1"]
[Termination "normal"]
[Board "4.1"]
[WhiteElo "2141"]
[BlackElo "2158"]
[WhiteClock "00:01:19"]
[BlackClock "00:04:01"]
[WhiteTeam "Schleswig-Holstein"]
[BlackTeam "Sachsen-Anhalt"]
[PlyCount "66"]
[WhiteFideId "12983845"]
[BlackFideId "16259637"]
[EventCountry "GER"]
[EventRounds "7"]
[EventType "team-swiss"]
[EventDate "2023.09.30"]

1. e4 {[%clk 01:30:58]} e5 {[%clk 01:30:31]} {[%emt 00:00:29]} 2. f4 {[%clk
01:31:24]} {[%emt 00:00:04]} d5 {[%clk 01:28:25]} {[%emt 00:02:36]} 3. exd5
{[%clk 01:31:42]} {[%emt 00:00:13]} exf4 {[%emt 00:00:09]} 4. Nf3 {[%clk
01:32:05]} {[%emt 00:00:04]} Nf6 {[%clk 01:26:12]} {[%emt 00:03:07]} 5. Bb5+
{[%clk 01:32:29]} {[%emt 00:00:06]} Bd7 {[%clk 01:17:20]} {[%emt 00:09:23]} 6.
Bxd7+ {[%clk 01:32:48]} {[%emt 00:00:11]} Nbxd7 {[%clk 01:16:37]} {[%emt
00:01:12]} 7. O-O {[%clk 01:33:01]} {[%emt 00:00:17]} Nxd5 {[%clk 01:12:33]}
{[%emt 00:04:34]} 8. c4 {[%clk 01:31:20]} {[%emt 00:02:10]} N5f6 {[%clk
01:09:47]} {[%emt 00:03:16]} 9. d4 {[%clk 01:31:29]} {[%emt 00:00:21]} Be7
{[%clk 01:04:59]} {[%emt 00:05:19]} 10. Bxf4 {[%clk 01:30:56]} {[%emt
01:21:06]} O-O {[%clk 01:05:09]} 11. Qb3 {[%clk 01:21:09]} b6 {[%clk 00:57:55]}
12. Nc3 {[%clk 01:20:03]} Bd6 {[%clk 00:53:29]} 13. Bxd6 cxd6 {[%clk 00:53:51]}
14. Rae1 {[%clk 01:01:04]} Qc7 {[%clk 00:47:30]} 15. Nd2 {[%clk 00:47:09]}
{[%emt 00:00:02]} a6 {[%clk 00:37:20]} 16. Nce4 {[%clk 00:33:19]} {[%emt
00:11:08]} Nxe4 {[%clk 00:29:41]} {[%emt 00:08:10]} 17. Rxe4 {[%clk 00:32:49]}
{[%emt 00:01:01]} d5 {[%clk 00:25:02]} {[%emt 00:05:08]} 18. cxd5 {[%clk
00:30:08]} {[%emt 00:03:11]} Qd6 {[%clk 00:25:05]} {[%emt 00:00:27]} 19. Ref4
{[%clk 00:29:44]} {[%emt 00:00:54]} Rae8 {[%clk 00:21:20]} {[%emt 00:04:15]}
20. Ne4 {[%clk 00:27:45]} {[%emt 00:02:29]} Qg6 {[%clk 00:20:39]} {[%emt
00:01:10]} 21. Qf3 {[%clk 00:27:50]} {[%emt 00:00:25]} h5 {[%clk 00:14:19]}
{[%emt 00:06:51]} 22. Rf5 {[%clk 00:20:07]} {[%emt 00:08:13]} Re7 {[%clk
00:11:04]} {[%emt 00:03:44]} 23. d6 {[%clk 00:11:25]} {[%emt 00:09:13]} Re6
{[%clk 00:10:09]} {[%emt 00:01:24]} 24. Qh3 {[%clk 00:11:13]} {[%emt 00:00:42]}
Rxe4 {[%clk 00:06:39]} {[%emt 00:04:00]} 25. Rxh5 {[%clk 00:11:37]} {[%emt
00:00:06]} f5 {[%clk 00:07:05]} {[%emt 00:00:04]} 26. Rh8+ {[%clk 00:10:33]}
{[%emt 00:01:34]} Kf7 {[%clk 00:07:21]} {[%emt 00:00:14]} 27. Rxf5+ {[%clk
00:10:04]} {[%emt 00:00:59]} Nf6 {[%clk 00:07:25]} {[%emt 00:00:26]} 28. Qb3+
{[%clk 00:07:32]} {[%emt 00:03:01]} Ke8 {[%clk 00:06:41]} {[%emt 00:01:15]} 29.
Rxf8+ {[%clk 00:03:55]} {[%emt 00:04:08]} Kxf8 {[%clk 00:06:45]} {[%emt
00:00:26]} 30. Qd5 {[%clk 00:02:41]} {[%emt 00:01:44]} Qg4 {[%clk 00:03:29]}
{[%emt 00:03:46]} 31. d7 {[%clk 00:01:33]} {[%emt 00:01:38]} Qd1+ {[%clk
00:03:23]} {[%emt 00:00:35]} 32. Kf2 {[%clk 00:00:56]} {[%emt 00:01:08]} Qe1+
{[%clk 00:03:34]} {[%emt 00:00:19]} 33. Kf3 {[%clk 00:01:19]} {[%emt 00:00:06]}
Qe3# {[%clk 00:04:01]} {[%emt 00:00:03]} 0-1

[Event "Deutsche Ländermeisterschaft 2023"]
[Site "Hannover GER"]
[Date "2023.10.02"]
[Round "3"]
[White "Pikalow, Michael"]
[Black "Malinowsky, Levi"]
[Result "0-1"]
[Termination "normal"]
[Board "4.2"]
[WhiteElo "2035"]
[BlackElo "2151"]
[WhiteClock "00:25:19"]
[BlackClock "00:37:20"]
[WhiteTeam "Sachsen-Anhalt"]
[BlackTeam "Schleswig-Holstein"]
[PlyCount "106"]
[WhiteFideId "16227638"]
[BlackFideId "16253094"]
[EventCountry "GER"]
[EventRounds "7"]
[EventType "team-swiss"]
[EventDate "2023.09.30"]

1. e4 {[%clk 01:30:55]} {[%emt 00:00:04]} c5 {[%clk 01:30:55]} {[%emt
00:00:05]} 2. Nc3 {[%clk 01:30:21]} {[%emt 00:01:04]} a6 {[%clk 01:28:37]}
{[%emt 00:02:49]} 3. Nf3 {[%clk 01:28:11]} {[%emt 00:02:39]} d6 {[%clk
01:28:50]} {[%emt 00:00:16]} 4. d4 {[%clk 01:28:36]} {[%emt 00:00:06]} cxd4
{[%clk 01:29:12]} {[%emt 00:00:08]} 5. Nxd4 {[%clk 01:28:26]} {[%emt 00:00:39]}
Nf6 {[%clk 01:28:56]} {[%emt 00:00:47]} 6. Be3 {[%clk 01:27:48]} {[%emt
00:01:07]} e5 {[%clk 01:28:12]} {[%emt 00:01:14]} 7. Nb3 {[%clk 01:28:04]}
{[%emt 00:00:14]} Be6 {[%clk 01:27:14]} {[%emt 00:01:28]} 8. f3 {[%clk
01:28:29]} {[%emt 00:00:05]} Be7 {[%clk 01:27:19]} {[%emt 00:00:26]} 9. Qd2
{[%clk 01:28:53]} {[%emt 00:00:05]} h5 {[%clk 01:26:21]} {[%emt 00:01:28]} 10.
Nd5 {[%clk 01:28:24]} {[%emt 00:01:00]} Nxd5 {[%clk 01:25:45]} {[%emt
00:01:06]} 11. exd5 {[%clk 01:28:52]} {[%emt 00:00:02]} Bf5 {[%clk 01:25:56]}
{[%emt 00:00:18]} 12. Be2 {[%clk 01:29:20]} {[%emt 00:00:02]} Bh4+ {[%clk
01:23:22]} {[%emt 00:03:04]} 13. g3 {[%clk 01:24:27]} {[%emt 00:05:24]} Be7
{[%clk 01:23:34]} {[%emt 00:00:17]} 14. c4 {[%clk 01:19:18]} {[%emt 00:05:38]}
b6 {[%clk 01:19:39]} {[%emt 01:23:03]} 15. O-O {[%clk 01:11:46]} Bh3 {[%clk
01:14:57]} 16. Rf2 {[%clk 01:09:08]} Nd7 {[%clk 01:10:58]} 17. f4 {[%clk
01:05:08]} exf4 18. Bxf4 {[%clk 01:01:48]} Nc5 {[%clk 00:57:02]} 19. Bf3 {[%clk
00:52:25]} Nxb3 20. axb3 {[%clk 00:52:48]} g6 {[%clk 00:43:06]} {[%emt
00:00:01]} 21. b4 {[%clk 00:49:36]} O-O {[%clk 00:41:33]} 22. c5 {[%clk
00:46:17]} a5 {[%clk 00:34:14]} {[%emt 00:07:44]} 23. c6 {[%clk 00:42:13]}
{[%emt 00:04:34]} axb4 {[%clk 00:33:55]} {[%emt 00:00:49]} 24. Re1 {[%clk
00:41:59]} {[%emt 00:00:44]} Bf6 {[%clk 00:32:31]} {[%emt 00:01:55]} 25. Qxb4
{[%clk 00:38:02]} {[%emt 00:04:27]} Re8 {[%clk 00:31:52]} {[%emt 00:01:09]} 26.
Rc1 {[%clk 00:36:36]} {[%emt 00:01:56]} Be5 {[%clk 00:29:32]} {[%emt 00:02:50]}
27. Bxe5 {[%clk 00:35:45]} {[%emt 00:01:20]} Rxe5 {[%clk 00:29:40]} {[%emt
00:00:23]} 28. c7 {[%clk 00:23:20]} {[%emt 00:12:55]} Qxc7 {[%clk 00:25:22]}
{[%emt 00:04:48]} 29. Qf4 {[%clk 00:19:11]} {[%emt 00:04:38]} Rae8 {[%clk
00:23:04]} {[%emt 00:02:49]} 30. Rff1 {[%clk 00:11:57]} {[%emt 00:07:44]} Qd7
{[%clk 00:20:05]} {[%emt 00:03:29]} 31. Bg2 {[%clk 00:09:44]} {[%emt 00:02:41]}
Bxg2 {[%clk 00:18:51]} {[%emt 00:01:45]} 32. Kxg2 {[%clk 00:10:11]} {[%emt
00:00:02]} Rxd5 {[%clk 00:17:54]} {[%emt 00:01:28]} 33. Rf2 {[%clk 00:07:25]}
{[%emt 00:03:15]} Rf5 {[%clk 00:17:06]} {[%emt 00:01:18]} 34. Qd4 {[%clk
00:06:22]} {[%emt 00:01:33]} Rxf2+ {[%clk 00:17:03]} {[%emt 00:00:34]} 35. Kxf2
{[%clk 00:04:41]} {[%emt 00:02:11]} Qb5 {[%clk 00:15:41]} {[%emt 00:01:52]} 36.
Kg1 {[%clk 00:03:51]} {[%emt 00:01:20]} Qg5 {[%clk 00:14:40]} {[%emt 00:01:32]}
37. Rf1 {[%clk 00:02:17]} {[%emt 00:02:04]} Qc5 {[%clk 00:13:26]} {[%emt
00:01:44]} 38. Rd1 {[%clk 00:00:48]} {[%emt 00:01:59]} Re1+ {[%clk 00:13:31]}
{[%emt 00:00:25]} 39. Kg2 {[%clk 00:01:05]} {[%emt 00:00:13]} Re2+ {[%clk
00:11:47]} {[%emt 00:02:14]} 40. Kf3 {[%clk 00:00:51]} {[%emt 00:00:45]} Qxd4
{[%clk 00:11:53]} {[%emt 00:00:24]} 41. Rxd4 {[%clk 00:01:16]} {[%emt
00:00:05]} Rxh2 {[%clk 00:12:11]} {[%emt 00:00:12]} 42. Rb4 {[%clk 00:00:47]}
{[%emt 00:00:59]} Kg7 {[%clk 00:10:25]} {[%emt 00:02:16]} 43. Rxb6 {[%clk
00:01:10]} {[%emt 00:00:07]} g5 {[%clk 00:09:45]} {[%emt 00:01:10]} 44. Rxd6
{[%clk 00:27:55]} {[%emt 00:03:45]} Rxb2 {[%clk 00:40:00]} {[%emt 00:00:15]}
45. Rd3 {[%clk 00:28:01]} {[%emt 00:00:23]} Kg6 {[%clk 00:39:43]} {[%emt
00:00:47]} 46. Ra3 {[%clk 00:27:25]} {[%emt 00:01:06]} f6 {[%clk 00:39:06]}
{[%emt 00:01:07]} 47. Rc3 {[%clk 00:24:17]} {[%emt 00:03:39]} g4+ {[%clk
00:38:45]} {[%emt 00:00:52]} 48. Ke3 {[%clk 00:24:32]} {[%emt 00:00:14]} Rg2
{[%clk 00:38:45]} {[%emt 00:00:30]} 49. Ke4 {[%clk 00:24:35]} {[%emt 00:00:28]}
f5+ {[%clk 00:38:05]} {[%emt 00:01:10]} 50. Ke5 {[%clk 00:25:00]} {[%emt
00:00:05]} Re2+ {[%clk 00:37:30]} {[%emt 00:01:05]} 51. Kd4 {[%clk 00:25:12]}
{[%emt 00:00:18]} h4 {[%clk 00:36:51]} {[%emt 00:01:10]} 52. gxh4 {[%clk
00:25:05]} {[%emt 00:00:36]} Kh5 {[%clk 00:37:05]} {[%emt 00:00:16]} 53. Rc5
{[%clk 00:25:19]} {[%emt 00:00:16]} Rf2 {[%clk 00:37:20]} {[%emt 00:00:15]} 0-1